000
00340nam a2200133Ia 4500
008
240624s9999 xx 000 0 und d
041
_a
eng
082
_a
658.402 NEW
100
_a
SCANNELL MARY
245
_a
BIG BOOK OF TEAM BUILDING GAMES
260
_c
2009
_a
New Delhi
_b
Tata McGraw- Hill
300
_a
238 : p. : cm. ; 24
365
_c
RS
999
_c
16989
_d
16989